000 00557nam a22002177a 4500
003 Ost
005 20250716153520.0
008 250716b |||||||| |||| 00| 0 eng d
020 _a9780986805233
040 _cBT-PhCST
050 _a25418-25427
082 _222
_a551.48
_bKWA
100 _aKwast, Hans Van Der.
245 _aQGIS for hydrological applications /
250 _a2 nd ed.
260 _aCanada :
_bLocate Press,
_cc2022
300 _a180 p. :
_bill. ;
_c27 cm.
500 _aIncludes Index.
700 _aMenke, Kurt.
942 _2ddc
_cWRE
999 _c10033
_d10033